000 00519nam a2200193Ia 4500
005 20250326143549.0
008 250326s9999 xx 000 0 und d
020 _a81-7881-275-4
037 _aTextbook
040 _aFMSL
_beng
_cFMSL
041 _aeng
_2eng
084 _aX:89Q P4
_qFMSL
100 _aChaturvedi B M
245 0 _aSupply chain management
_cChaturvedi B M
260 _aIndia
_bIndia, ICFAI University
_c2004
300 _a175p
942 _cTB
_hX:89Q P4
999 _c1300097
_d1300097